[Event "AUT-chT2W 1516"]
[Site "Austria"]
[Date "2016.03.05"]
[Round "10.6"]
[White "Bacquele, Fabrice"]
[Black "Jakob, Tobias"]
[Result "1/2-1/2"]
[WhiteElo "1964"]
[BlackElo "2004"]
[PlyCount "51"]
[EventDate "2015.10.16"]
[EventType "team-tourn"]
[EventRounds "11"]
[EventCountry "AUT"]
[SourceTitle "EXT 2017"]
[Source "ChessBase"]
[SourceDate "2016.10.25"]
[SourceVersion "1"]
[SourceVersionDate "2016.10.25"]
[SourceQuality "1"]
[WhiteTeam "Goetzis II"]
[BlackTeam "Bernhard II"]
[WhiteTeamCountry "AUT"]
[BlackTeamCountry "AUT"]

1. d4 d5 2. Bf4 Nf6 3. e3 c5 4. c3 cxd4 5. exd4 Bf5 6. Qb3 Qc8 7. Nf3 Nc6 8. Nbd2 e6 9. Nh4 Bg6 10. h3 Be7 11. Nxg6 hxg6 12. Bd3 a6 13. Qd1 b5 14. a3 Qd7 15. Nf3 Bd6 16. Ne5 Qc7 17. Qe2 Bxe5 18. Bxe5 Nxe5 19. Qxe5 Qxe5+ 20. dxe5 Nd7 21. f4 Ke7 22. Be2 Nb6 23. Bd3 Nd7 24. Be2 Nb6 25. Bd3 Nd7 26. Be2 1/2-1/2

[Event "Wuerttemberg-ch Cand"]
[Site "Lindau"]
[Date "2009.09.01"]
[Round "4"]
[White "Vaysberg, Alexander"]
[Black "Bacquele, Fabrice"]
[Result "1/2-1/2"]
[WhiteElo "2210"]
[BlackElo "1865"]
[PlyCount "111"]
[EventDate "2009.08.29"]
[EventType "swiss"]
[EventRounds "9"]
[EventCountry "GER"]
[SourceTitle "EXT 2023"]
[Source "ChessBase"]
[SourceDate "2022.10.05"]
[SourceVersion "1"]
[SourceVersionDate "2022.10.05"]
[SourceQuality "1"]

1. e4 e6 2. d4 d5 3. Nd2 Be7 4. c3 c5 5. dxc5 Nf6 6. exd5 Qxd5 7. b4 0-0 8. Ngf3 a5 9. Bc4 Qd8 10. 0-0 b6 11. cxb6 axb4 12. cxb4 Bb7 13. Nb3 Qxb6 14. a3 Rd8 15. Qe2 Nd5 16. Bb2 Nf4 17. Qe3 Qxe3 18. fxe3 Bd5 19. Bxd5 Nxd5 20. Kf2 Nd7 21. Na5 Nc5 22. Ke2 Na4 23. Bd4 Ndc3+ 24. Kd3 Rac8 25. Ne5 Nb2+ 26. Kc2 Nca4+ 27. Kb3 Rxd4 28. exd4 Rc3+ 29. Ka2 Bg5 30. Rf2 Be3 31. Rxb2 Nxb2 32. Kxb2 Bxd4 33. Rd1 Rd3+ 34. Kc2 Rxd1 35. Kxd1 Bxe5 36. h3 Kf8 37. Nc6 Bd6 38. Kc2 Ke8 39. Kd3 Kd7 40. Nd4 g6 41. Kc4 e5 42. Nf3 e4 43. Ng5 f5 44. Nxh7 Be7 45. a4 g5 46. b5 Kc7 47. a5 f4 48. Kd4 e3 49. Kd3 Kb7 50. Ke2 Kc7 51. Kf3 Kb7 52. g3 Ka7 53. Nxg5 Bxg5 54. h4 Bh6 55. gxf4 Bxf4 56. h5 1/2-1/2

[Event "Wuerttemberg-ch Cand"]
[Site "Lindau"]
[Date "2009.08.31"]
[Round "3"]
[White "Bacquele, Fabrice"]
[Black "Zimmermann, Ulrich"]
[Result "1-0"]
[WhiteElo "1865"]
[BlackElo "1965"]
[PlyCount "97"]
[EventDate "2009.08.29"]
[EventType "swiss"]
[EventRounds "9"]
[EventCountry "GER"]
[SourceTitle "EXT 2023"]
[Source "ChessBase"]
[SourceDate "2022.10.05"]
[SourceVersion "1"]
[SourceVersionDate "2022.10.05"]
[SourceQuality "1"]

1. e4 c5 2. c3 d5 3. exd5 Qxd5 4. d4 Nc6 5. Nf3 Bg4 6. Be2 e6 7. 0-0 cxd4 8. cxd4 Nf6 9. Nc3 Qa5 10. Qb3 Qb4 11. Qd1 Bxf3 12. Bxf3 Rd8 13. a3 Qxd4 14. Qxd4 Nxd4 15. Bxb7 Bd6 16. Nb5 Nxb5 17. Bc6+ Ke7 18. Bxb5 Nd5 19. Bc4 Be5 20. Rb1 Rd7 21. Re1 Bd4 22. Bxd5 Rxd5 23. Be3 Bxe3 24. Rxe3 Rhd8 25. g3 Rc8 26. Re2 e5 27. Kf1 f5 28. Ke1 Ke6 29. h4 Rdc5 30. Rd2 Rc1+ 31. Rxc1 Rxc1+ 32. Ke2 h6 33. b4 Rc3 34. Rd3 Rxd3 35. Kxd3 Kd5 36. f3 g5 37. hxg5 hxg5 38. g4 e4+ 39. fxe4+ fxe4+ 40. Ke3 a6 41. a4 Kc4 42. b5 axb5 43. axb5 Kxb5 44. Kxe4 Kc6 45. Kf5 Kd7 46. Kxg5 Ke7 47. Kg6 Kf8 48. Kh7 Kf7 49. g5 1-0

[Event "Stuttgart-chA int"]
[Site "Ditzingen"]
[Date "2008.05.02"]
[Round "4"]
[White "Hoffmann, Ekkehard"]
[Black "Bacquele, Fabrice"]
[Result "1/2-1/2"]
[WhiteElo "2002"]
[BlackElo "1626"]
[PlyCount "45"]
[EventDate "2008.05.01"]
[EventType "swiss"]
[EventRounds "7"]
[EventCountry "GER"]
[SourceTitle "EXT 2018"]
[Source "ChessBase"]
[SourceDate "2017.10.13"]
[SourceVersion "1"]
[SourceVersionDate "2017.10.13"]
[SourceQuality "1"]

1. e4 c5 2. Nc3 Nc6 3. f4 e6 4. Nf3 Nd4 5. d3 Ne7 6. Nxd4 cxd4 7. Ne2 Nc6 8. c3 dxc3 9. bxc3 d5 10. Ng3 Be7 11. d4 0-0 12. Bd3 Bd7 13. 0-0 Rc8 14. e5 f5 15. exf6 Bxf6 16. Ba3 Rf7 17. Nh5 Na5 18. Rf3 g6 19. Nxf6+ Qxf6 20. Bd6 Nc4 21. Be5 Nxe5 22. fxe5 Qe7 23. Rxf7 1/2-1/2

[Event "Stuttgart-chA int"]
[Site "Ditzingen"]
[Date "2008.05.01"]
[Round "3"]
[White "Bacquele, Fabrice"]
[Black "Notegger, Peter"]
[Result "0-1"]
[WhiteElo "1626"]
[BlackElo "1952"]
[PlyCount "56"]
[EventDate "2008.05.01"]
[EventType "swiss"]
[EventRounds "7"]
[EventCountry "GER"]
[SourceTitle "EXT 2018"]
[Source "ChessBase"]
[SourceDate "2017.10.13"]
[SourceVersion "1"]
[SourceVersionDate "2017.10.13"]
[SourceQuality "1"]

1. e4 c6 2. d4 d5 3. exd5 cxd5 4. c4 Nf6 5. Nc3 Nc6 6. Bf4 a6 7. h3 e6 8. Nf3 Bb4 9. a3 Bxc3+ 10. bxc3 0-0 11. c5 Qa5 12. Be2 Ne4 13. 0-0 Nxc3 14. Qc2 Nxe2+ 15. Qxe2 Qa4 16. Rfd1 Ne7 17. Bd6 Re8 18. Ng5 f6 19. Nxh7 Kxh7 20. Qh5+ Kg8 21. c6 Qxc6 22. Rac1 g6 23. Rxc6 gxh5 24. Rc7 Nf5 25. Bf4 Re7 26. Rdc1 Rxc7 27. Rxc7 Nxd4 28. g4 Ne2+ 0-1